Estado Sociedad: revista Boliviana de Ciencias Sociales /
Salvato in:
| Ente Autore: | |
|---|---|
| Natura: | Libro |
| Lingua: | Spanish |
| Pubblicazione: |
La Paz, Bolivia:
FLACSO
|
| Soggetti: | |
| Tags: |
Aggiungi Tag
Nessun Tag, puoi essere il primo ad aggiungerne!!
|
MARC
| LEADER | 00000nam a22000007a 4500 | ||
|---|---|---|---|
| 003 | cru CIDCACS/IIS | ||
| 005 | 20200521104659.0 | ||
| 007 | ta | ||
| 008 | 200521n bo |||p|r||||||0| ||spa|d | ||
| 999 | |c 43147 |d 43147 | ||
| 040 | |c cru CIDCACS/IIS | ||
| 090 | |a REV0438 | ||
| 110 | 2 | |9 3388 |a Facultad Latinoamericana de Ciencias Sociales | |
| 245 | 1 | |a Estado Sociedad: |b revista Boliviana de Ciencias Sociales / |c Facultad Latinoamericana de Ciencias Sociales | |
| 260 | |a La Paz, Bolivia: |b FLACSO | ||
| 270 | |a Casilla nº 9914 | ||
| 500 | |a EXISTENCIAS : 1985-1987 2-3 (1-4) 1989 5 (6) 1990 6 (7) Semestral | ||
| 650 | 0 | |9 956 |a DROGAS DE USO INDEBIDO | |
| 650 | 0 | |9 4330 |a ONU | |
| 650 | 4 | |9 1934 |a MILITARISMO | |
| 650 | 0 | |9 71 |a DESARROLLO ECONOMICO Y SOCIAL | |
| 650 | 0 | |9 370 |a POLITICA EXTERIOR | |
| 650 | 0 | |9 1901 |a AMERINDIOS | |
| 650 | 0 | |9 138 |a PAZ | |
| 942 | |2 ddc |c PP | ||
